Library Catalog

Grimms' fairy tales / (Record no. 492720)

MARC details
000 -LEADER
fixed length control field 00787nam a22002297a 4500
003 - CONTROL NUMBER IDENTIFIER
control field OSt
005 - DATE AND TIME OF LATEST TRANSACTION
control field 20260512143759.0
008 - FIXED-LENGTH DATA ELEMENTS--GENERAL INFORMATION
fixed length control field 260512b |||||||| |||| 00| 0 eng d
020 ## - INTERNATIONAL STANDARD BOOK NUMBER
International Standard Book Number 9780241735404
040 ## - CATALOGING SOURCE
Original cataloging agency Kenya National Library Service
082 ## - DEWEY DECIMAL CLASSIFICATION NUMBER
Classification number 398.20943 GRI
100 ## - MAIN ENTRY--PERSONAL NAME
Personal name Grimm, Jacob,
Relator term author.
245 ## - TITLE STATEMENT
Title Grimms' fairy tales /
Statement of responsibility, etc. Jacob & Wilhelm Grimm.
300 ## - PHYSICAL DESCRIPTION
Extent 369 pages :
Other physical details illustrations (black and white) ;
Dimensions 20 cm.
490 ## - SERIES STATEMENT
Series statement Puffin classics.
520 ## - SUMMARY, ETC.
Summary, etc. A collection of classic fairy tales including Cinderella, Hansel and Gretel, Snow White, Rapunzel, and Rumpelstiltskin.<br/>
650 ## - SUBJECT ADDED ENTRY--TOPICAL TERM
Topical term or geographic name entry element Folklore
Geographic subdivision Germany.
700 ## - ADDED ENTRY--PERSONAL NAME
Personal name Grimm, Wilhelm,
Relator term author.
942 ## - ADDED ENTRY ELEMENTS (KOHA)
Source of classification or shelving scheme Dewey Decimal Classification
Koha item type Books
Suppress in OPAC No
Holdings
Withdrawn status Source of classification or shelving scheme Damaged status Not for loan Collection Home library Current library Date acquired Source of acquisition Cost, normal purchase price Total checkouts Full call number Barcode Date last seen Price effective from Koha item type
  Dewey Decimal Classification     Junior Books Information Access Acquisition, Cataloguing, Classification and Distribution Development 05/12/2026 BAI 999.00   398.20943 GRI B230775 05/12/2026 05/12/2026 Books

© 2025, Kenya National Library Service | Designed & Maintained by Uvumbuzi Center